000 00991nas a2200313 4500
001 BR2012003710
003 BR-BrBNA
005 20231205120619.0
007 ta
008 230509b bl.|||p| |||| 00| 00por d
040 _aBR-BrBNA
_bpor
_cBiblioteca Nacional de Agricultura
041 _a(Pt)
072 _aM12; S01
100 1 _aTonial, I.B.
100 1 _aBravo, C.E.C.
100 1 _aSouza, N.E. de
100 1 _aMatsushita, M.
100 1 _aFuruya, W.M.
100 1 _aVisentainer, J.V.
245 1 _aQualidade nutricional dos lipídios de tilápias (Oreochromis niloticus)alimentadas com ração suplementada com óleo de soja
650 _aTILÁPIA NILÓTICA
650 _aPEIXE DE ÁGUA DOCE
650 _aRAÇÃO
650 _aANÁLISE QUÍMICA
650 _aNUTRIÇÃO HUMANA
773 0 _tAlimentos e Nutrição (Brazil)
_xISSN 0103-4235
_g(Jan-Mar 2011), v. 22(1) p. 103-112
_wBR2012003710
909 _a202311
_bLúcia
_c55
_dLúcia Elande
942 _2AGRIS
_n0
_cANA
999 _c219380
_d219380